[Event "Quebec op"]
[Site "Quebec"]
[Date "2018.07.22"]
[Round "3"]
[White "Turcotte, Jonathan"]
[Black "Babb, Jeff"]
[Result "1-0"]
[WhiteElo "1941"]
[BlackElo "2054"]
[PlyCount "101"]
[EventDate "2018.07.21"]
[EventType "swiss"]
[EventRounds "9"]
[EventCountry "CAN"]
[SourceTitle "CBM 186 Extra"]
[Source "ChessBase"]
[SourceDate "2018.08.24"]
[SourceVersion "1"]
[SourceVersionDate "2018.08.24"]
[SourceQuality "1"]

1. d4 Nf6 2. c4 e5 3. dxe5 Ng4 4. Bf4 Nc6 5. Nf3 Bb4+ 6. Nbd2 Qe7 7. e3 Ncxe5 8. Nxe5 Nxe5 9. Be2 d6 10. 0-0 a5 11. Nb3 a4 12. a3 axb3 13. axb4 Rxa1 14. Qxa1 0-0 15. Qa4 Be6 16. Qxb3 Ng6 17. Bg3 f5 18. Rc1 f4 19. exf4 Nxf4 20. Bxf4 Rxf4 21. Qe3 Qf7 22. b3 b6 23. Bd3 g6 24. Re1 Rf6 25. b5 Bf5 26. Bxf5 Rxf5 27. Qe8+ Qxe8 28. Rxe8+ Kf7 29. Rc8 Rc5 30. f4 Ke6 31. Re8+ Kf5 32. g3 h5 33. Kf2 Kf6 34. Ke3 g5 35. Kd4 gxf4 36. gxf4 Kf7 37. Rc8 Ke6 38. b4 Rf5 39. Ke4 Rf7 40. Rh8 Kf6 41. Rxh5 Re7+ 42. Kd5 Re2 43. Rh7 Rd2+ 44. Ke4 Rb2 45. h4 Rxb4 46. Rxc7 Kg6 47. f5+ Kf6 48. Rc6 Ke7 49. Kd5 Rb1 50. f6+ Kxf6 51. Rxd6+ 1-0

[Event "Winnipeg op"]
[Site "Winnipeg"]
[Date "2018.07.10"]
[Round "6"]
[White "Piche, Jeremie"]
[Black "Babb, Jeff"]
[Result "0-1"]
[WhiteElo "2219"]
[BlackElo "1591"]
[PlyCount "96"]
[EventDate "2018.06.05"]
[EventType "swiss"]
[EventRounds "8"]
[EventCountry "CAN"]
[SourceTitle "EXT 2022"]
[Source "ChessBase"]
[SourceDate "2021.10.06"]
[SourceVersion "1"]
[SourceVersionDate "2021.10.06"]
[SourceQuality "1"]

1. e4 e5 2. Nf3 Nc6 3. Bb5 a6 4. Bxc6 dxc6 5. 0-0 Bd6 6. d4 exd4 7. Qxd4 f6 8. Re1 Be6 9. Nbd2 Ne7 10. Nc4 Bxh2+ 11. Kxh2 Qxd4 12. Nxd4 Bxc4 13. b3 Bf7 14. Ba3 0-0-0 15. Rad1 Ng6 16. Nf5 Rxd1 17. Rxd1 Rg8 18. f3 Be6 19. Ne7+ Nxe7 20. Bxe7 b6 21. Bb4 a5 22. Be1 a4 23. Kg3 Kb7 24. Bc3 Ra8 25. Ra1 c5 26. e5 f5 27. f4 Kc6 28. Kf2 Kb5 29. Ke3 Re8 30. Rd1 Bc8 31. g3 Be6 32. Be1 Ra8 33. c4+ Kc6 34. Rd3 axb3 35. axb3 Ra3 36. Kd2 b5 37. cxb5+ Kxb5 38. Kc2 Ra2+ 39. Kc3 Re2 40. Bd2 Rg2 41. Be1 Bxb3 42. Kxb3 c4+ 43. Kc3 cxd3 44. Kxd3 Kc6 45. Ke3 Kd5 46. Kf3 Rb2 47. g4 Rb3+ 48. Kg2 fxg4 0-1

[Event "Winnipeg op"]
[Site "Winnipeg"]
[Date "2018.06.26"]
[Round "4"]
[White "Boron, Anthony"]
[Black "Babb, Jeff"]
[Result "1/2-1/2"]
[WhiteElo "2028"]
[BlackElo "2219"]
[PlyCount "142"]
[EventDate "2018.06.05"]
[EventType "swiss"]
[EventRounds "8"]
[EventCountry "CAN"]
[SourceTitle "EXT 2022"]
[Source "ChessBase"]
[SourceDate "2021.10.06"]
[SourceVersion "1"]
[SourceVersionDate "2021.10.06"]
[SourceQuality "1"]

1. Nf3 g6 2. e4 Bg7 3. d4 c5 4. c3 Qb6 5. d5 d6 6. h3 Nf6 7. Bd3 0-0 8. Nbd2 Qc7 9. 0-0 c4 10. Bc2 e6 11. Qe2 exd5 12. exd5 b5 13. Nd4 a6 14. a4 Re8 15. Qd1 b4 16. Re1 Rxe1+ 17. Qxe1 b3 18. Be4 Bb7 19. Qe2 Nbd7 20. Nc6 Bxc6 21. dxc6 Nc5 22. Qxc4 Re8 23. Bf3 Re1+ 24. Nf1 Nfe4 25. Bxe4 Rxe4 26. Qd5 Re5 27. Qf3 Rf5 28. Qd1 Qxc6 29. Be3 Rd5 30. Qf3 Nd3 31. Bd4 Bxd4 32. cxd4 Nb4 33. Qxb3 Rxd4 34. Ne3 a5 35. Rd1 Rxd1+ 36. Qxd1 h5 37. Qb3 d5 38. Qc3 Qxa4 39. Qc8+ Kg7 40. Qc5 Qa1+ 41. Kh2 Qxb2 42. Qxa5 Qxf2 43. Nxd5 Nxd5 44. Qxd5 Qf4+ 45. Kh1 h4 46. Qd8 g5 47. Qc8 Qe5 48. Qd7 Qe4 49. Qc8 Qe6 50. Qc5 f6 51. Qc2 Qd5 52. Kh2 Qe5+ 53. Kh1 f5 54. Qc8 g4 55. Qd7+ Kg6 56. hxg4 Qe1+ 57. Kh2 Qg3+ 58. Kh1 Qxg4 59. Qe8+ Kg5 60. Qe3+ Kh5 61. Qe8+ Qg6 62. Qe2+ Kh6 63. Qe3+ Kh5 64. Qe2+ Qg4 65. Qe8+ Kg5 66. Qd8+ Kf4 67. Qc7+ Ke3 68. Qc3+ Ke2 69. Qc2+ Kf1 70. Qc1+ Kf2 71. Qc2+ Ke3 1/2-1/2

[Event "Winnipeg TNT May op"]
[Site "Winnipeg"]
[Date "2018.05.08"]
[Round "2"]
[White "Babb, Jeff"]
[Black "Le Dorze, Philippe"]
[Result "1-0"]
[WhiteElo "2219"]
[BlackElo "1822"]
[PlyCount "69"]
[EventDate "2018.05.01"]
[EventType "swiss"]
[EventRounds "5"]
[EventCountry "CAN"]
[SourceTitle "EXT 2022"]
[Source "ChessBase"]
[SourceDate "2021.10.06"]
[SourceVersion "1"]
[SourceVersionDate "2021.10.06"]
[SourceQuality "1"]

1. e4 d5 2. exd5 Qxd5 3. Nc3 Qd8 4. d4 e6 5. Nf3 Nf6 6. Be2 Be7 7. 0-0 Nbd7 8. Bf4 a6 9. h3 0-0 10. Qd2 Nb6 11. a3 c5 12. dxc5 Qxd2 13. Nxd2 Bxc5 14. Nde4 Nbd5 15. Nxf6+ Nxf6 16. Rad1 Bd7 17. Bf3 Bc6 18. Bxc6 bxc6 19. Bd6 Bxd6 20. Rxd6 Rac8 21. Rfd1 Nd5 22. Na4 g5 23. c4 Nf6 24. f3 Ne8 25. Rd7 c5 26. Ra7 Rc6 27. Rdd7 Nd6 28. Rdc7 Rc8 29. Rxc6 Rxc6 30. b3 Kg7 31. Kf2 Kg6 32. Rd7 h5 33. Nxc5 Nxc4 34. Nd3 Rd6 35. bxc4 1-0

[Event "Manitoba-ch"]
[Site "Winnipeg"]
[Date "2018.03.13"]
[Round "1.2"]
[White "Baron, Gustav L"]
[Black "Babb, Jeff"]
[Result "1-0"]
[WhiteElo "2216"]
[BlackElo "2205"]
[PlyCount "102"]
[EventDate "2018.03.06"]
[EventType "swiss"]
[EventRounds "3"]
[EventCountry "CAN"]
[SourceTitle "EXT 2022"]
[Source "ChessBase"]
[SourceDate "2021.10.06"]
[SourceVersion "1"]
[SourceVersionDate "2021.10.06"]
[SourceQuality "1"]

1. d4 d5 2. Bf4 Nc6 3. e3 Bf5 4. c3 e6 5. Nd2 Bd6 6. Bg3 Nf6 7. Ngf3 0-0 8. Be2 Ne4 9. Nh4 Nxg3 10. hxg3 Bg6 11. Nxg6 hxg6 12. f4 Ne7 13. Bd3 c5 14. Qf3 f6 15. 0-0-0 Kf7 16. g4 Qa5 17. Kb1 c4 18. Bc2 Rh8 19. e4 b5 20. f5 exf5 21. gxf5 g5 22. exd5 Rae8 23. Ne4 Qc7 24. Rh5 Nc8 25. Rdh1 Rhg8 26. Rh7 Ref8 27. Qh5+ Ke7 28. Qe2 Kd7 29. Qh5 Ne7 30. Qf3 Kc8 31. Nf2 Qb7 32. Ng4 Kb8 33. g3 Qc8 34. Nf2 Qb7 35. Be4 Kc7 36. Ng4 Qa8 37. Ne5 fxe5 38. dxe5 Qd8 39. exd6+ Qxd6 40. Qe3 Kb8 41. g4 Qe5 42. Qf3 Nc8 43. Qg2 Nd6 44. Bf3 Re8 45. Qh2 Qf6 46. Qf2 Nxf5 47. gxf5 Qxf5+ 48. Ka1 g4 49. Qg3+ Re5 50. R1h5 g5 51. Qg1 gxf3 1-0

[Event "Manitoba-ch"]
[Site "Winnipeg"]
[Date "2018.03.06"]
[Round "1.1"]
[White "Babb, Jeff"]
[Black "Baron, Gustav L"]
[Result "0-1"]
[WhiteElo "2205"]
[BlackElo "2216"]
[PlyCount "116"]
[EventDate "2018.03.06"]
[EventType "swiss"]
[EventRounds "3"]
[EventCountry "CAN"]
[SourceTitle "EXT 2022"]
[Source "ChessBase"]
[SourceDate "2021.10.06"]
[SourceVersion "1"]
[SourceVersionDate "2021.10.06"]
[SourceQuality "1"]

1. c4 Nf6 2. Nc3 g6 3. g3 Bg7 4. Bg2 0-0 5. e4 d6 6. Nge2 c5 7. 0-0 Nc6 8. d3 Rb8 9. a3 a6 10. Rb1 b5 11. cxb5 axb5 12. b4 cxb4 13. axb4 Nd7 14. d4 Na7 15. Ra1 Nc6 16. Rb1 Na7 17. Be3 Nb6 18. d5 Bd7 19. Bd4 Nac8 20. Bxg7 Kxg7 21. Nd4 Nc4 22. Ndxb5 Bxb5 23. Nxb5 Rxb5 24. Qd4+ Ne5 25. f4 f6 26. fxe5 dxe5 27. Qe3 Nd6 28. Rfc1 Qb8 29. Qe1 Qb6+ 30. Qf2 Qxf2+ 31. Kxf2 f5 32. Rc5 Rb7 33. Ke3 Rfb8 34. exf5 gxf5 35. b5 Rxb5 36. Rcxb5 Rxb5 37. Rxb5 Nxb5 38. g4 fxg4 39. Be4 h5 40. Bf5 Kf6 41. Bd7 Nd6 42. Ba4 Nc4+ 43. Kf2 Kf5 44. h3 Kf4 45. hxg4 hxg4 46. Bb3 g3+ 47. Kg1 Nd2 48. Bd1 Nc4 49. Bb3 Ne3 50. Ba2 Ke4 51. Bb3 Kd4 52. Kh1 e4 53. Kg1 Nxd5 54. Kg2 Nc3 55. Kxg3 e3 56. Be6 Kd3 57. Bg4 e5 58. Kg2 Kd2 0-1

[Event "Winnipeg TNT January op"]
[Site "Winnipeg"]
[Date "2018.01.23"]
[Round "3"]
[White "Babb, Jeff"]
[Black "Wolchock, Theo"]
[Result "1-0"]
[WhiteElo "2205"]
[BlackElo "2034"]
[PlyCount "137"]
[EventDate "2018.01.09"]
[EventType "swiss"]
[EventRounds "4"]
[EventCountry "CAN"]
[SourceTitle "EXT 2022"]
[Source "ChessBase"]
[SourceDate "2021.10.06"]
[SourceVersion "1"]
[SourceVersionDate "2021.10.06"]
[SourceQuality "1"]

1. f4 b5 2. Nf3 Bb7 3. e3 b4 4. a3 a5 5. axb4 axb4 6. Rxa8 Bxa8 7. c3 e6 8. cxb4 Bxb4 9. Qa4 Bxf3 10. gxf3 Be7 11. Nc3 Nf6 12. b3 0-0 13. Bd3 d5 14. Ne2 Nbd7 15. Ba3 Bxa3 16. Qxa3 Qa8 17. Qb2 Rb8 18. Rg1 Qb7 19. Bc2 c5 20. Kf2 c4 21. Nd4 Kh8 22. Qa3 Nb6 23. Rb1 Qc7 24. Nb5 Qd7 25. Qd6 Qd8 26. Qxd8+ Rxd8 27. Nd4 Ne8 28. f5 exf5 29. Bxf5 g6 30. Bh3 Nd6 31. Bf1 Ra8 32. bxc4 Nbxc4 33. d3 Ra2+ 34. Be2 Ne5 35. Ke1 Kg7 36. f4 Nd7 37. Rc1 Ne8 38. h3 Nef6 39. Kf2 Ra3 40. Rc7 Ra2 41. Nf3 Rb2 42. Ne5 Nxe5 43. fxe5 Ne8 44. Rc5 Ra2 45. Rxd5 Nc7 46. Rd7 Ne6 47. h4 Nc5 48. Rd5 Nb3 49. Kf3 Nc1 50. Bf1 Rh2 51. Kg3 Rh1 52. Bg2 Re1 53. Kf2 Rd1 54. d4 Rd2+ 55. Kf3 Nd3 56. Bh3 Ne1+ 57. Kg3 Re2 58. Bf1 Rxe3+ 59. Kf2 Re4 60. Rd7 Nc2 61. Bc4 Nxd4 62. Rxf7+ Kh6 63. Rd7 Rxe5 64. Rxd4 g5 65. Rd6+ Kh5 66. Be2+ g4 67. Rd4 Kxh4 68. Rxg4+ Kh3 69. Rf4 1-0

[Event "Winnipeg op"]
[Site "Winnipeg"]
[Date "2017.06.27"]
[Round "4"]
[White "Wiebe, Isaac"]
[Black "Babb, Jeff"]
[Result "1-0"]
[WhiteElo "2235"]
[BlackElo "2120"]
[PlyCount "173"]
[EventDate "2017.06.06"]
[EventType "swiss"]
[EventRounds "8"]
[EventCountry "CAN"]
[SourceTitle "EXT 2022"]
[Source "ChessBase"]
[SourceDate "2021.10.06"]
[SourceVersion "1"]
[SourceVersionDate "2021.10.06"]
[SourceQuality "1"]

1. e4 d5 2. exd5 Qxd5 3. Nc3 Qd6 4. d4 Nf6 5. Nf3 c6 6. g3 Bf5 7. Bg2 Nd5 8. Nxd5 cxd5 9. 0-0 Nc6 10. c3 e6 11. Bf4 Qd7 12. Re1 Be7 13. Qd2 0-0 14. Bg5 Bd6 15. Bf4 Rac8 16. Bxd6 Qxd6 17. Nh4 Bg6 18. f4 Rc7 19. g4 Ne7 20. Qf2 f5 21. g5 Bf7 22. Re3 Ng6 23. Nxg6 Bxg6 24. Rae1 Re8 25. Re5 Rce7 26. Qe2 Kf8 27. h4 Bf7 28. Bf3 Bg8 29. h5 Bf7 30. Qg2 g6 31. h6 Qa6 32. a3 Rd7 33. Be2 Qb6 34. Bd1 Red8 35. Ba4 Rc7 36. Qe2 Qd6 37. Bd1 Re8 38. Qd2 Ree7 39. Bf3 Ke8 40. R1e3 Kd8 41. Qe1 Bg8 42. Kh2 Bf7 43. Kg3 Rcd7 44. Qe2 Rc7 45. Qd2 Kc8 46. Re1 Kd8 47. Be2 Be8 48. Bd3 Bd7 49. Qe2 Bc8 50. Bb1 Ke8 51. Ba2 Kf8 52. Qb5 a6 53. Qb4 Qxb4 54. axb4 b5 55. Bb3 Kf7 56. Ra1 Red7 57. Ree1 Rd6 58. Kf2 Rdc6 59. Rec1 Ke7 60. Ke3 Kd6 61. Bd1 Rc4 62. Kd3 R4c6 63. Bf3 Ke7 64. b3 Rb6 65. Re1 Bb7 66. Rac1 Rd7 67. Re5 Kf7 68. Kc2 Rbd6 69. Kb2 Rc7 70. Re2 Bc8 71. Rec2 Bb7 72. Ka3 Bc8 73. Be2 Bb7 74. Rd2 Rdc6 75. Kb2 Rb6 76. Rdc2 Rd6 77. Bf1 Ke7 78. Bg2 Rb6 79. Ka3 Rd6 80. Rd2 Rdc6 81. Rd3 Rd6 82. Rh1 Rdc6 83. Kb2 Rb6 84. Bf3 Kd6 85. Re3 Bc8 86. Be2 Rbb7 87. Rg3 1-0

[Event "Winnipeg TNT May op"]
[Site "Winnipeg"]
[Date "2017.05.16"]
[Round "3"]
[White "Ma, Derek"]
[Black "Babb, Jeff"]
[Result "1-0"]
[WhiteElo "1893"]
[BlackElo "2132"]
[PlyCount "63"]
[EventDate "2017.05.02"]
[EventType "swiss"]
[EventRounds "5"]
[EventCountry "CAN"]
[SourceTitle "EXT 2022"]
[Source "ChessBase"]
[SourceDate "2021.10.06"]
[SourceVersion "1"]
[SourceVersionDate "2021.10.06"]
[SourceQuality "1"]

1. e4 e5 2. f4 exf4 3. Bc4 Nf6 4. Nc3 d6 5. d4 c6 6. Bxf4 Be7 7. e5 dxe5 8. dxe5 Qxd1+ 9. Rxd1 Nh5 10. Be3 g6 11. Nge2 0-0 12. 0-0 Ng7 13. Bh6 Be6 14. Bxe6 fxe6 15. Rxf8+ Kxf8 16. Nf4 Kf7 17. Bxg7 g5 18. Nh5 Kg6 19. g4 b5 20. Bf6 Bc5+ 21. Kg2 Bb6 22. Ne4 h6 23. Bd8 Kf7 24. Bxb6 axb6 25. a3 Ke7 26. Nhf6 Ra4 27. Kf3 b4 28. axb4 Rxb4 29. b3 Rb5 30. Ra1 Ra5 31. Rxa5 bxa5 32. Nc5 1-0

[Event "Grand Pacific op 11th"]
[Site "Victoria"]
[Date "2017.04.16"]
[Round "4"]
[White "Babb, Jeff"]
[Black "Li, James1"]
[Result "1/2-1/2"]
[WhiteElo "2071"]
[BlackElo "2105"]
[PlyCount "100"]
[EventDate "2017.04.14"]
[EventType "tourn"]
[EventRounds "6"]
[EventCountry "CAN"]
[SourceTitle "CBM 178 Extra"]
[Source "ChessBase"]
[SourceDate "2017.06.22"]
[SourceVersion "1"]
[SourceVersionDate "2017.06.22"]
[SourceQuality "1"]

1. f4 d5 2. e3 g6 3. Nf3 Bg7 4. Be2 c5 5. 0-0 Nc6 6. d3 Nf6 7. Nc3 d4 8. Ne4 b6 9. Nxf6+ exf6 10. e4 f5 11. e5 0-0 12. c4 Bb7 13. a3 Qc7 14. Bd2 a5 15. b3 f6 16. exf6 Bxf6 17. Qe1 Rfe8 18. Qf2 Nd8 19. Rfe1 Ne6 20. Qg3 Ng7 21. Ng5 h6 22. Nh3 Kh7 23. Bf3 Rxe1+ 24. Rxe1 Re8 25. Bxb7 Qxb7 26. Rxe8 Nxe8 27. Qe1 Qe7 28. Kf1 Kg7 29. Qxe7+ Bxe7 30. Ke2 Kf7 31. Ng1 g5 32. Nf3 g4 33. Ne1 h5 34. Nc2 Nc7 35. b4 axb4 36. axb4 Ne6 37. g3 Bd6 38. bxc5 bxc5 39. Na3 h4 40. Kf2 h3 41. Nb5 Bb8 42. Na3 Ke7 43. Nc2 Kd7 44. Na1 Kc6 45. Nb3 Bd6 46. Bc1 Be7 47. Kg1 Nf8 48. Kh1 Nd7 49. Bb2 Nb6 50. Bxd4 cxd4 1/2-1/2

[Event "Quebec-ch op"]
[Site "Montreal"]
[Date "2016.07.28"]
[Round "7"]
[White "Saha, Ananda"]
[Black "Babb, Jeff"]
[Result "1/2-1/2"]
[WhiteElo "1861"]
[BlackElo "2096"]
[PlyCount "72"]
[EventDate "2016.07.23"]
[EventType "swiss"]
[EventRounds "8"]
[EventCountry "CAN"]
[SourceTitle "CBM 173 Extra"]
[Source "ChessBase"]
[SourceDate "2016.08.29"]
[SourceVersion "1"]
[SourceVersionDate "2016.08.29"]
[SourceQuality "1"]

1. d4 Nf6 2. c4 c5 3. d5 b5 4. cxb5 a6 5. b6 d6 6. Nc3 Qxb6 7. a4 a5 8. e4 Ba6 9. Bb5+ Bxb5 10. axb5 g6 11. Qe2 Bg7 12. Nf3 0-0 13. 0-0 Nbd7 14. Nd2 Qc7 15. Nc4 Nb6 16. Rxa5 Nxc4 17. Rxa8 Rxa8 18. Qxc4 Nd7 19. Be3 Qa5 20. f4 Rb8 21. e5 Qb4 22. Qa2 Re8 23. Qa7 Nb8 24. Rf2 f6 25. f5 fxe5 26. Bg5 gxf5 27. Bxe7 e4 28. Rxf5 Qxb2 29. Bg5 Rf8 30. Rxf8+ Bxf8 31. Qxb8 Qxc3 32. h4 Qd4+ 33. Kh1 Qa1+ 34. Kh2 Qe5+ 35. Kg1 Qa1+ 36. Kh2 Qe5+ 1/2-1/2

[Event "Quebec-ch op"]
[Site "Montreal"]
[Date "2016.07.24"]
[Round "2"]
[White "Babb, Jeff"]
[Black "Jacquet, Stephane"]
[Result "0-1"]
[WhiteElo "2096"]
[BlackElo "1969"]
[PlyCount "122"]
[EventDate "2016.07.23"]
[EventType "swiss"]
[EventRounds "8"]
[EventCountry "CAN"]
[SourceTitle "CBM 173 Extra"]
[Source "ChessBase"]
[SourceDate "2016.08.29"]
[SourceVersion "1"]
[SourceVersionDate "2016.08.29"]
[SourceQuality "1"]

1. f4 g6 2. Nf3 Bg7 3. e3 Nf6 4. Be2 0-0 5. 0-0 c5 6. d3 d6 7. c4 a6 8. Nc3 Nc6 9. Rb1 b5 10. cxb5 axb5 11. Nxb5 Rxa2 12. Na3 Qb6 13. Nc4 Qc7 14. Qb3 Ra8 15. Bd2 Nd5 16. Ra1 Rb8 17. Qc2 Ndb4 18. Qc1 Bf5 19. e4 Bg4 20. Ra3 Bxf3 21. Bxf3 Nd4 22. Kh1 Rb5 23. Ne3 Nbc6 24. Bc3 Rfb8 25. Bd1 Qb7 26. Nc4 Nb3 27. Bxb3 Rxb3 28. Rxb3 Qxb3 29. Bxg7 Kxg7 30. Qc3+ Nd4 31. Qxb3 Rxb3 32. Rd1 h5 33. g3 Kf6 34. Kg2 e6 35. Rd2 Ke7 36. Kf2 f6 37. h3 d5 38. exd5 exd5 39. Ne3 Kd6 40. Ng2 Nc6 41. Nh4 Nb4 42. Ke2 g5 43. Nf5+ Kc6 44. fxg5 fxg5 45. h4 gxh4 46. gxh4 d4 47. Ng7 Nxd3 48. Rxd3 Rxb2+ 49. Rd2 Rb8 50. Nxh5 Rh8 51. Nf4 Rxh4 52. Nd3 c4 53. Ne5+ Kc5 54. Nf3 Re4+ 55. Kd1 d3 56. Rh2 Rf4 57. Rh3 Kb4 58. Ne5 Rf1+ 59. Kd2 Rf2+ 60. Kd1 Kc3 61. Ke1 Re2+ 0-1

[Event "Winnipeg op"]
[Site "Winnipeg"]
[Date "2016.07.05"]
[Round "5"]
[White "Babb, Jeff"]
[Black "Campbell, Jamie"]
[Result "1/2-1/2"]
[WhiteElo "2210"]
[BlackElo "1839"]
[PlyCount "108"]
[EventDate "2016.06.07"]
[EventType "swiss"]
[EventRounds "8"]
[EventCountry "CAN"]
[SourceTitle "EXT 2022"]
[Source "ChessBase"]
[SourceDate "2021.10.06"]
[SourceVersion "1"]
[SourceVersionDate "2021.10.06"]
[SourceQuality "1"]

1. f4 g5 2. fxg5 d5 3. d4 h6 4. Nf3 Bg4 5. Qd3 Bxf3 6. exf3 Qd6 7. g6 Qxg6 8. Qxg6 fxg6 9. Bf4 c6 10. Be5 Nf6 11. Bd3 Kf7 12. Nc3 Nbd7 13. 0-0-0 Bg7 14. f4 Ng4 15. Rdf1 Ne3 16. Rf3 Nf5 17. Ne2 a6 18. Bxf5 gxf5 19. Bxg7 Kxg7 20. Ng3 e6 21. Re1 Rae8 22. Rfe3 Kf6 23. Nh5+ Kf7 24. Rb3 b6 25. Ng3 Rhg8 26. a4 Rg4 27. Rf1 Reg8 28. Rff3 Ke7 29. Rbe3 Kd6 30. Rf2 Nf6 31. Rfe2 Ne4 32. Nxe4+ fxe4 33. g3 h5 34. c4 h4 35. gxh4 Rxh4 36. a5 b5 37. c5+ Ke7 38. Rg3 Rf8 39. Rg7+ Rf7 40. Rg8 Rf8 41. Rg7+ Rf7 42. Rg8 Rf8 43. Rxf8 Kxf8 44. Rf2 Kf7 45. f5 exf5 46. Rxf5+ Ke7 47. Rf2 Rh3 48. Rg2 Kf7 49. Kc2 Rh4 50. Kd2 Rh3 51. Rf2+ Ke7 52. Rg2 Kf7 53. Rf2+ Ke7 54. Rg2 Kf7 1/2-1/2

[Event "Canadian op U2400"]
[Site "Montreal"]
[Date "2014.07.21"]
[Round "4"]
[White "Babb, Jeff"]
[Black "Holliman, Robert"]
[Result "1/2-1/2"]
[WhiteElo "2111"]
[BlackElo "1976"]
[PlyCount "68"]
[EventDate "2014.07.19"]
[EventType "swiss"]
[EventRounds "9"]
[EventCountry "CAN"]
[SourceTitle "EXT 2022"]
[Source "ChessBase"]
[SourceDate "2021.10.06"]
[SourceVersion "1"]
[SourceVersionDate "2021.10.06"]
[SourceQuality "1"]

1. f4 d5 2. e3 c6 3. Nf3 Bg4 4. b3 Nf6 5. Bb2 e6 6. Be2 Nbd7 7. 0-0 Bd6 8. Ne5 Bxe2 9. Qxe2 Qc7 10. Nxd7 Qxd7 11. d3 0-0-0 12. Nd2 Qe7 13. Nf3 Rhg8 14. c4 Nd7 15. Rac1 Kb8 16. Nd4 Bc5 17. Rc2 h6 18. cxd5 cxd5 19. Rfc1 Bb6 20. Nb5 e5 21. Ba3 Qe6 22. Bd6+ Ka8 23. Bc7 exf4 24. Bxb6 Qxb6 25. Nc7+ Kb8 26. Nxd5 Qd6 27. Nxf4 g5 28. Nh5 f5 29. Qf2 Rgf8 30. d4 a6 31. Ng3 f4 32. Nf1 Rde8 33. exf4 Rxf4 34. Qg3 Rxd4 1/2-1/2

[Event "Canadian op U2400"]
[Site "Montreal"]
[Date "2014.07.20"]
[Round "2"]
[White "Babb, Jeff"]
[Black "Tonakanian, Stephan"]
[Result "1-0"]
[WhiteElo "2111"]
[BlackElo "1922"]
[PlyCount "103"]
[EventDate "2014.07.19"]
[EventType "swiss"]
[EventRounds "9"]
[EventCountry "CAN"]
[SourceTitle "EXT 2022"]
[Source "ChessBase"]
[SourceDate "2021.10.06"]
[SourceVersion "1"]
[SourceVersionDate "2021.10.06"]
[SourceQuality "1"]

1. f4 d5 2. e3 Nf6 3. Nf3 c5 4. b3 g6 5. Bb2 Bg7 6. Be2 Nc6 7. 0-0 0-0 8. Ne5 Qc7 9. Nxc6 Qxc6 10. Bf3 e6 11. c4 b5 12. cxb5 Qxb5 13. Nc3 Qa5 14. Qc2 Ba6 15. Rfc1 Rac8 16. Na4 c4 17. Bc3 cxb3 18. axb3 Qb5 19. Qb2 Ne8 20. Qa3 Nf6 21. Bd4 Qb8 22. Nc5 Bb5 23. Qxa7 Rfd8 24. Qxb8 Rxb8 25. Ra7 Nd7 26. Bxg7 Kxg7 27. d4 h6 28. Kf2 Kf6 29. Bd1 Rb6 30. Be2 Nb8 31. Na4 Ra6 32. Rxa6 Bxa6 33. Nc5 Bxe2 34. Kxe2 Rd6 35. Ra1 Rb6 36. Ra7 Kg7 37. Kd2 g5 38. g3 Kg6 39. Kc3 Rb5 40. Nd3 Nc6 41. Rc7 Rb6 42. b4 f6 43. b5 Na5 44. Kb4 Nc4 45. Rc6 Rxc6 46. bxc6 Kf7 47. c7 Nd6 48. Kc5 Ke7 49. Kc6 gxf4 50. Nxf4 Nc8 51. h3 Nd6 52. Ng6+ 1-0

[Event "Winnipeg op"]
[Site "Winnipeg"]
[Date "2014.06.24"]
[Round "4"]
[White "Boron, Anthony"]
[Black "Babb, Jeff"]
[Result "0-1"]
[WhiteElo "2023"]
[BlackElo "2126"]
[PlyCount "80"]
[EventDate "2014.06.03"]
[EventType "swiss"]
[EventRounds "8"]
[EventCountry "CAN"]
[SourceTitle "EXT 2019"]
[Source "ChessBase"]
[SourceDate "2018.10.10"]
[SourceVersion "1"]
[SourceVersionDate "2018.10.10"]
[SourceQuality "1"]

1. Nf3 Nc6 2. d4 d5 3. g3 Bf5 4. c3 Qd7 5. Nbd2 Bh3 6. Bxh3 Qxh3 7. Qb3 0-0-0 8. a4 f6 9. a5 a6 10. Nf1 e5 11. Rg1 e4 12. N3d2 f5 13. e3 Nf6 14. Qa4 Ng4 15. b4 Na7 16. c4 dxc4 17. Nxc4 Nxh2 18. Nxh2 Qxh2 19. Rf1 Qh5 20. Bd2 Nb5 21. Na3 Rd5 22. Rc1 Nxa3 23. Qxa3 Qe8 24. Rc4 Kb8 25. Qc3 Bd6 26. Rh1 h5 27. Qb3 c6 28. Qd1 g5 29. Rc5 h4 30. Rxd5 cxd5 31. gxh4 gxh4 32. f4 Qb5 33. Qb3 h3 34. Kf2 Be7 35. Ke1 Rg8 36. Kd1 Rg2 37. Kc1 h2 38. Qd1 Bxb4 39. Bxb4 Qc4+ 40. Kb1 Qa2+ 0-1

[Event "Winnipeg op"]
[Site "Winnipeg"]
[Date "2014.06.17"]
[Round "3"]
[White "Rutter, Blair A"]
[Black "Babb, Jeff"]
[Result "0-1"]
[WhiteElo "1945"]
[BlackElo "2126"]
[PlyCount "94"]
[EventDate "2014.06.03"]
[EventType "swiss"]
[EventRounds "8"]
[EventCountry "CAN"]
[SourceTitle "EXT 2019"]
[Source "ChessBase"]
[SourceDate "2018.10.10"]
[SourceVersion "1"]
[SourceVersionDate "2018.10.10"]
[SourceQuality "1"]

1. c4 f5 2. g3 Nf6 3. Bg2 e6 4. Nc3 Be7 5. e3 0-0 6. d4 d6 7. b4 e5 8. Qb3 Kh8 9. Bb2 exd4 10. exd4 Nc6 11. Rd1 Qe8 12. Nge2 a6 13. f4 Ng4 14. Nd5 Bd8 15. h3 Nf6 16. Nxf6 Bxf6 17. d5 Nd8 18. Bxf6 Rxf6 19. Kf2 Bd7 20. Rd2 a5 21. b5 b6 22. Re1 Qg8 23. Nd4 Nb7 24. Ne6 Rc8 25. Rde2 h6 26. Qc2 Qf7 27. Bf3 Qg6 28. Re3 Re8 29. Qe2 Rc8 30. Bh5 Qh7 31. Bf3 Qg8 32. Qc2 Be8 33. Nxc7 Bd7 34. Ne6 Bxb5 35. Qb2 Bxc4 36. Qxb6 Nc5 37. Rd1 Nxe6 38. dxe6 Rxe6 39. Rxe6 Bxe6 40. Qxd6 Bxa2 41. Rd2 a4 42. g4 fxg4 43. hxg4 Bb3 44. g5 Qf8 45. Qe5 hxg5 46. Qxg5 Qc5+ 47. Qxc5 Rxc5 0-1